000 00700cab a2200229 4500
001 WB3137-06
008 090401t1995 xxu||||| |||| 00| 0 eng d
035 _a(Sirsi) u14953
041 _aeng
245 _aTop 10 form lobby caucus
260 _c1995
350 _a0
490 _aBuilding
_v6 October 1995, 7(1)
520 _aThe Major Contractors Group has selected representatives to form a lobbying group that aims to boost construction spending and reorganisation of the PFI.
650 _aCONTRACT LEGISLATION
650 _aLOBBYING
650 _aMAJOR CONTRACTORS GROUP
650 _aPRIVATE FINANCE INITIATIVE
690 _aBUILT ENVIRONMENT
942 _n0
948 _c04/03/1997
999 _c9762
_d9762